Aladino y la lampara maravillosa / (Registro nro. 11937)

Detalles MARC
000 -LIDER
fixed length control field 00753nam a22002537a 4500
001 - NÚMERO DE CONTROL
Identificador de número de control 0011753
003 - IDENTIFICACDOR DE NÚMERO DE CONTROL
control field DO-SdBPM
005 - DATE AND TIME OF LATEST TRANSACTION
control field 20250528112346.0
007 - CAMPOS FIJOS DE DESCRIPCIÓN FÍSICA
fixed length control field 0011753
008 - ELEMENTOS DE LONGITUD FIJA
fixed length control field 161114b 2007 ch| |||| 00| 0 spa d
020 ## - ISBN
International Standard Book Number 9972209296
040 ## - FUENTE DE CATALOGACIÓN
Agencia que crea de manera original el registro DO-SdBPM
Idioma de catalogación spa
Agencia que realiza la transcripción BPMSU
082 #4 - NÚMERO DE CLASIFICACIÓN DECIMAL DE DEWEY
Classification number 808.83
Item number A316L 2010
Edition number 22
245 00 - MENCIÓN DE TITULO
Título Aladino y la lampara maravillosa /
Mención de responsabilidad ilustrador Gerson Jara Morales
260 ## - PUBLICACIÓN, DISTRIBUCIÓN, ETC. (PIE DE IMPRENTA)
Lugar de publicación, distribución, etc Lima, Perú :
Nombre del editor, distribuidor, etc. Educativa,
Fecha de publicación, distribución, etc 2010
300 ## - DESCRIPCIÓN FÍSICA
Extensión 10 p. :
Otros detalles físicos il., ;
Dimensiones 28 cm.
490 0# - MENCIÓN DE SERIES
Mención de serie Mi cuento favorito
590 ## - NOTA LOCAL
Texto de la nota local Inventariado, 2025/VM
650 #4 - ENCABEZAMIENTO DE MATERIA--TEMÁTICO
Término temático o nombre geográfico como elemento de entrada Cuentos infantiles
650 #4 - ENCABEZAMIENTO DE MATERIA--TEMÁTICO
Término temático o nombre geográfico como elemento de entrada Libros ilustrados para niños
700 1# - ASIENTO SECUNDARIO -- NOMBRE PERSONAL
Nombre personal Jara Morales, Gerson
Mención de responsabilidad ilustrador
910 ## - VALIDACIÓN
Validación VMateo V. Control de calidad. BPMSU
942 ## - ADDED ENTRY ELEMENTS (KOHA)
Source of classification or shelving scheme Dewey Decimal Classification
Koha item type Libros
Existencias
Withdrawn status Lost status Source of classification or shelving scheme Damaged status Not for loan Collection code Home library Current library Date acquired Source of acquisition Total Checkouts Full call number Barcode Date last seen Price effective from Koha item type
    Dewey Decimal Classification     Colección Infantil General Biblioteca Pública Metropolitana Salomé Ureña Biblioteca Pública Metropolitana Salomé Ureña 11/14/2016 Compra   BPMSU CGI 808.83 A316L 2010 BPMSU16111276 11/14/2016 11/14/2016 Libros